<?xml version="1.0" encoding="UTF-8"?>
<collection xmlns="http://www.loc.gov/MARC21/slim">
 <record>
  <leader>01971nam a2200241Ia 4500</leader>
  <controlfield tag="001">CTU_169232</controlfield>
  <controlfield tag="008">210402s9999    xx            000 0 und d</controlfield>
  <datafield tag="020" ind1=" " ind2=" ">
   <subfield code="c">290000</subfield>
  </datafield>
  <datafield tag="082" ind1=" " ind2=" ">
   <subfield code="a">624.0218</subfield>
  </datafield>
  <datafield tag="082" ind1=" " ind2=" ">
   <subfield code="b">K304/T.9</subfield>
  </datafield>
  <datafield tag="100" ind1=" " ind2=" ">
   <subfield code="a">Nguyễn, Mạnh Kiểm</subfield>
  </datafield>
  <datafield tag="245" ind1=" " ind2="0">
   <subfield code="a">Tuyển tập tiêu chuẩn xây dựng của Việt Nam =</subfield>
  </datafield>
  <datafield tag="245" ind1=" " ind2="0">
   <subfield code="b">Proceedings of Vietnam construction standards</subfield>
  </datafield>
  <datafield tag="245" ind1=" " ind2="0">
   <subfield code="c">Bộ Xây dựng ; Nguyễn Mạnh Kiểm chủ biên</subfield>
  </datafield>
  <datafield tag="260" ind1=" " ind2=" ">
   <subfield code="a">Hà Nội</subfield>
  </datafield>
  <datafield tag="260" ind1=" " ind2=" ">
   <subfield code="b">Xây dựng</subfield>
  </datafield>
  <datafield tag="260" ind1=" " ind2=" ">
   <subfield code="c">2004</subfield>
  </datafield>
  <datafield tag="520" ind1=" " ind2=" ">
   <subfield code="a">Bộ xây dựng Việt Nam đã có quyết định số 408/BXD-KHCN, ngày 26 tháng 6 năm 1996 xuất bản tuyển tập các tiêu chuẩn xây dựng lần thứ nhất. Những tiêu chuẩn in trong tuyển tập là những tiêu chuẩn đang hiện hành ở nước ta hiện nay và có giá trị áp dụng trong toàn ngành xây dựng không phân biệt thành phần kinh tế và vùng lãnh thổ. Tuyển tập được chia làm 11 tập xếp theo thứ tự từ tập 1 đến tập 11, nội dung của các tập được sắp xếp theo các cụm công việc để tiện cho người sử dụng dễ tìm kiếm. Tuy nhiên mỗi tiêu chuẩn ở các tập đều có sự liên hệ mật thiết với nhau, vì vậy người sử dụng cần được làm quen với cơ cấu nội dung của tất cả các tập nằm trong tuyển tập này.</subfield>
  </datafield>
  <datafield tag="650" ind1=" " ind2=" ">
   <subfield code="a">Construction industry,Construction industry,Construction industry,Ngành xây dựng</subfield>
  </datafield>
  <datafield tag="650" ind1=" " ind2=" ">
   <subfield code="x">Standards,Safety measures,Environmental aspects,Tiêu chuẩn</subfield>
  </datafield>
  <datafield tag="650" ind1=" " ind2=" ">
   <subfield code="z">Vietnam,Việt Nam</subfield>
  </datafield>
  <datafield tag="904" ind1=" " ind2=" ">
   <subfield code="i">Trọng Hiếu</subfield>
  </datafield>
  <datafield tag="980" ind1=" " ind2=" ">
   <subfield code="a">Trung tâm Học liệu Trường Đại học Cần Thơ</subfield>
  </datafield>
 </record>
</collection>
